00887nam a22002537a 450000500170000001000130001702000270003003700260005708200110008310000240009424500870011824600200020525000120022526000310023730000330026850400510030165000150035270000230036770000190039070000180040994200250042799900170045295201640046920180209152421.0 aB-593653 a9788131233993c1545.00 aRP/Patel NagarbPansy00a616.07 aRobbins, Stanley L.00aRobbins basic pathologycedited by Vinay Kumar, Abul K. Abbas, and Jon C. Aster.1 aBasic pathology a9th ed. aNew DelhibElsevierc2013. a910p.bcol. ill.c28cm. (Hb) aIncludes bibliographical references and index.12aPathology.1 aVinay Kumard1944-1 aAbbas, Abul K.1 aAster, Jon C. 2ddccENh616.07mROB c89273d89273 001040708NFICaBL1bBL1d2014-10-14ePansy/1504/02.03.2015/11.03.2015g1545.00l0o616.07 ROBpB-593953r2014-10-14 00:00:00t1v1545.00yENzRP/Patel Nagar